000 01001nac a22002657a 4500
001 BR8103862
003 BR-BrBNA
005 20240105115014.0
008 230509b bl.|||m| |||| 00| 0 por d
040 _aBR-BrBNA
_bpor
_cBiblioteca Nacional de Agricultura
072 _aE10; E30; C00
090 _aE10 BR8103862
110 1 _aEmpresa de Assistencia Tecnica e Extensao Rural do Estado do Amazonas, Manaus (Brasil)
_94036
245 1 _aRelatorio de atividades. 1980 [Empresa de Assistencia Tecnica e Extensao Rural do Estado do Amazonas; Administracao de Empresa; Brasil]
260 3 _aManaus, AM (Brasil):
_c1981.
300 _a91 p.
490 _aRelatorio - Empresa de Assistencia Tecnica e Extensao Rural do Estado do Amazonas (Brazil)
_v
_x
500 _aNumerical data
650 _aDESENVOLVIMENTO AGRICOLA
650 _aADMINISTRACAO DE EMPRESA
650 _aASSISTENCIA TECNICA
650 _aAMAZONAS
909 _a202312
_bLúcia Elande
_c55
_dLúcia Elande
942 _2AGRIS
_n0
_cMS
999 _c272512
_d272512